[Event "Morbihan 2012"]
[Site "?"]
[Date "2012.03.10"]
[Round "6.5"]
[White "Lagès, Michel"]
[Black "Jolivel, Dominique"]
[Result "1-0"]
[WhiteElo "1931"]
[BlackElo "1900"]
[PlyCount "51"]
[EventDate "2012.??.??"]

1. c4 Nf6 2. Nc3 e5 3. Nf3 d6 4. d4 exd4 5. Nxd4 Be7 6. e4 O-O 7. Be2 Re8 8.
O-O Nbd7 9. Qc2 h6 10. Be3 Nc5 11. Rfd1 Bf8 12. f3 a6 13. b4 Ne6 14. Nxe6 Rxe6
15. c5 Qe8 16. Bc4 Re5 17. Bf4 dxc5 18. Bxe5 Qxe5 19. Nd5 cxb4 20. f4 Bc5+ 21.
Kh1 Qh5 22. Nxf6+ gxf6 23. Be2 Qh4 24. Qxc5 Qxf4 25. Rd8+ Kh7 26. Qf8 1-0

[Event "Morbihan 2012"]
[Site "?"]
[Date "2012.03.10"]
[Round "6.6"]
[White "Landais, Romain"]
[Black "Sellin, Alain"]
[Result "1-0"]
[WhiteElo "1905"]
[BlackElo "1620"]
[PlyCount "69"]
[EventDate "2012.??.??"]

1. e4 e5 2. Nf3 Nc6 3. Bb5 a6 4. Ba4 Nf6 5. O-O b5 6. Bb3 Be7 7. d4 d6 8. Bd5
Nxd5 9. exd5 Nxd4 10. Nxd4 exd4 11. Qxd4 O-O 12. a4 Bf6 13. Qb4 Bb7 14. c4 c5
15. dxc6 Bxc6 16. cxb5 axb5 17. a5 Be5 18. Nc3 Qd7 19. Be3 Qb7 20. f3 Rfe8 21.
Bb6 Re6 22. Nxb5 Rh6 23. Nc7 Bxh2+ 24. Kf2 Rg6 25. Ra3 Bg3+ 26. Ke2 Re8+ 27.
Nxe8 Qa6+ 28. Rd3 Re6+ 29. Kd2 Rxe8 30. Rd1 Bb5 31. Re3 Rxe3 32. Kxe3 Be2 33.
Rd2 Be1 34. Qxd6 Bxd2+ 35. Qxd2 1-0

[Event "Morbihan 2012"]
[Site "?"]
[Date "2012.03.10"]
[Round "6.8"]
[White "Hocher, Eugène"]
[Black "Barton, Robin"]
[Result "1-0"]
[WhiteElo "1753"]
[BlackElo "1527"]
[PlyCount "101"]
[EventDate "2012.??.??"]

1. d4 Nf6 2. c4 c5 3. d5 b5 4. cxb5 a6 5. b6 Qxb6 6. Nc3 g6 7. e4 d6 8. Nf3 Bg7
9. Bd3 Nbd7 10. h3 O-O 11. O-O Bb7 12. Qe2 Rfe8 13. Bc4 Qc7 14. Bf4 Nb6 15. Bb3
c4 16. Bc2 e6 17. dxe6 Rxe6 18. Rad1 Rd8 19. Rfe1 Nfd5 20. Nxd5 Nxd5 21. Bc1
Nb6 22. Nd4 Ree8 23. Qg4 d5 24. Bf4 Qc5 25. e5 Bc8 26. Qg3 Be6 27. Be3 Qc7 28.
f4 f6 29. Nxe6 Rxe6 30. exf6 Bxf6 31. Qg4 Ree8 32. f5 d4 33. Bf4 Rxe1+ 34. Rxe1
Qc5 35. Bd1 d3+ 36. Kh1 Qxf5 37. Qxf5 gxf5 38. Bc7 Rc8 39. Bxb6 Bxb2 40. Rf1 c3
41. Bb3+ Kg7 42. Bd4+ Kg6 43. Be6 Rf8 44. Bc4 Rd8 45. Bb6 Rd6 46. Be3 d2 47.
Bb3 Rd8 48. Bc2 Rd5 49. g4 Kf6 50. Kg2 Ba3 51. h4 1-0

[Event "Morbihan 2012"]
[Site "?"]
[Date "2012.03.10"]
[Round "6.9"]
[White "Georget, Patrice"]
[Black "Maréchal, Daniel"]
[Result "1/2-1/2"]
[WhiteElo "1713"]
[BlackElo "1470"]
[PlyCount "148"]
[EventDate "2012.??.??"]

1. d4 d5 2. c4 c6 3. Nf3 e6 4. Nc3 Bd6 5. e3 f5 6. cxd5 cxd5 7. Bd2 a6 8. Be2
Nf6 9. Rc1 Nbd7 10. Ng5 Nb6 11. Bh5+ g6 12. Be2 h6 13. Nf3 Ne4 14. O-O O-O 15.
Be1 Nd7 16. a4 Rf6 17. h3 Bb8 18. Na2 Bd6 19. Bb4 Qf8 20. Bxd6 Qxd6 21. Qc2 Rf8
22. Qc7 Qb6 23. Qxb6 Nxb6 24. a5 Nd7 25. Rc7 Nd6 26. b4 b6 27. axb6 Nxb6 28.
Ne5 Rf6 29. Rfc1 Nf7 30. f4 Nxe5 31. fxe5 Rf7 32. Rxf7 Kxf7 33. Rc7+ Bd7 34.
Rb7 Rc8 35. Bd1 Nc4 36. Rxd7+ Kg8 37. Kf2 Rc6 38. Ba4 Rb6 39. Rc7 Nb2 40. Bc2
Nc4 41. g4 a5 42. Bd3 axb4 43. Bxc4 dxc4 44. Rxc4 b3 45. Nc3 Kf8 46. gxf5 gxf5
47. Rc7 Kg8 48. Kg3 b2 49. Nb1 Rb3 50. Kf4 Rb4 51. Re7 Rb6 52. Rd7 Rb4 53. Rd6
Kf7 54. Kf3 Rc4 55. Rb6 Rc2 56. Rb3 Rh2 57. Kg3 Re2 58. h4 h5 59. Rb7+ Kg6 60.
Kf4 Rf2+ 61. Kg3 Re2 62. Kf3 Rh2 63. Nc3 Rxh4 64. Rxb2 Rh3+ 65. Kf4 Rh4+ 66.
Kg3 Rg4+ 67. Kh3 f4 68. Rg2 Kf5 69. exf4 Rxf4 70. Ne2 Rf3+ 71. Kh4 Ke4 72. Kxh5
Kd3 73. Rg3 Rxg3 74. Nxg3 Kxd4 1/2-1/2

[Event "Morbihan 2012"]
[Site "?"]
[Date "2012.03.10"]
[Round "6.10"]
[White "Cheneau, Lionel"]
[Black "Trélohan, Henri"]
[Result "1-0"]
[WhiteElo "1360"]
[BlackElo "1676"]
[PlyCount "49"]
[EventDate "2012.??.??"]

1. e4 g6 2. Nc3 c6 3. Nf3 Bg7 4. Bc4 e6 5. d4 d5 6. Bd3 dxe4 7. Bxe4 Nf6 8. Bg5
O-O 9. h3 Qb6 10. Rb1 Nxe4 11. Nxe4 Nd7 12. c3 Qc7 13. Qd2 Re8 14. O-O b6 15.
Bf4 e5 16. Bg3 Bb7 17. Rfe1 f6 18. Qd3 Rad8 19. b4 Nb8 20. Bh4 Qf7 21. Qc2 Rd7
22. Bg3 f5 23. Neg5 Qd5 24. h4 e4 25. c4 1-0

[Event "Morbihan 2012"]
[Site "?"]
[Date "2012.03.10"]
[Round "6.12"]
[White "Georget, Aymeric"]
[Black "Nicolas, Stéphane"]
[Result "0-1"]
[WhiteElo "1470"]
[BlackElo "1850"]
[PlyCount "48"]
[EventDate "2012.??.??"]

1. c4 c6 2. Nc3 Qc7 3. d4 g6 4. Nf3 Bg7 5. e4 e6 6. b4 Ne7 7. c5 O-O 8. e5 b6
9. h4 bxc5 10. bxc5 Nd5 11. Bd2 f6 12. h5 fxe5 13. hxg6 hxg6 14. Qc2 Rf5 15.
Nh4 exd4 16. Ne4 d3 17. Bxd3 Bxa1 18. Nd6 Na6 19. Nxg6 Nab4 20. Bxb4 Nxb4 21.
Qb1 Nxd3+ 22. Qxd3 Qa5+ 23. Ke2 Qxa2+ 24. Qd2 Rxf2+ 0-1

[Event "Morbihan 2012"]
[Site "?"]
[Date "2012.03.10"]
[Round "6.13"]
[White "Le Lostec, Michaël"]
[Black "Gautier, Paul"]
[Result "1-0"]
[WhiteElo "1650"]
[BlackElo "1499"]
[PlyCount "91"]
[EventDate "2012.??.??"]

1. g3 e5 2. Bg2 Nf6 3. d3 Bc5 4. Nf3 Nc6 5. O-O O-O 6. c4 d5 7. Nbd2 Be6 8. b3
Qd7 9. Bb2 Bd6 10. a3 Bh3 11. Qc2 Bxg2 12. Kxg2 b6 13. Rac1 d4 14. Rfe1 Rfe8
15. e3 dxe3 16. Rxe3 a5 17. Rce1 Bc5 18. Nxe5 Nxe5 19. Rxe5 Rxe5 20. Rxe5 Bd4
21. Bxd4 Qxd4 22. Nf3 Qd6 23. a4 Rd8 24. d4 Ng4 25. Rd5 Qf6 26. Qf5 Rxd5 27.
Qxd5 Qd6 28. Qa8+ Qf8 29. Qb7 Qd8 30. Ng5 Nf6 31. Ne4 h6 32. Nxf6+ Qxf6 33. Qe4
g5 34. d5 h5 35. Qf3 Qg6 36. Qe2 g4 37. f3 gxf3+ 38. Qxf3 Qc2+ 39. Kh3 Qg6 40.
g4 hxg4+ 41. Qxg4 Kg7 42. Kg3 f5 43. Qxg6+ Kxg6 44. h4 Kf6 45. Kf4 Kg6 46. h5+
1-0

[Event "Morbihan 2012"]
[Site "?"]
[Date "2012.03.10"]
[Round "6.14"]
[White "Le Coz, Yannick"]
[Black "Noël, Yannick"]
[Result "0-1"]
[WhiteElo "1663"]
[BlackElo "1199"]
[PlyCount "102"]
[EventDate "2012.??.??"]

1. e4 e5 2. f4 exf4 3. Nf3 d6 4. d4 Nf6 5. e5 dxe5 6. Nxe5 c5 7. Bc4 Be6 8.
Bxe6 fxe6 9. c3 Qd5 10. O-O Bd6 11. Bxf4 Bxe5 12. dxe5 Qxd1 13. Rxd1 Nd5 14.
Bg5 c4 15. Nd2 b5 16. Ne4 O-O 17. Nd6 a6 18. g4 Nc6 19. Re1 Ra7 20. Rad1 Rd7
21. Bh4 Nxe5 22. Rxe5 Rxd6 23. Rde1 Re8 24. Bg3 h6 25. Rf5 Nc7 26. Bxd6 exf5
27. Rf1 Nd5 28. Rxf5 Nf6 29. h3 Re2 30. Rf2 Rxf2 31. Kxf2 Ne4+ 32. Ke3 Nxd6 33.
Kd4 Kf7 34. Kc5 Ke6 35. Kb6 Kd7 36. a4 bxa4 37. Kxa6 Kc6 38. Ka5 a3 39. bxa3
Kc5 40. a4 Ne4 41. Ka6 Nxc3 42. a5 Kc6 43. h4 g5 44. h5 Na4 45. Ka7 Kb5 46. a6
Nc5 47. Ka8 Nxa6 48. Kb7 c3 49. Kc8 c2 50. Kd7 c1=Q 51. Ke6 Qf4 0-1

[Event "Morbihan 2012"]
[Site "?"]
[Date "2012.03.10"]
[Round "6.15"]
[White "Cozic, Matthias"]
[Black "Rivalin, Patrick"]
[Result "1/2-1/2"]
[WhiteElo "1460"]
[BlackElo "1582"]
[PlyCount "119"]
[EventDate "2012.??.??"]

1. e4 f6 2. d4 c6 3. Bc4 d5 4. exd5 Qa5+ 5. Bd2 Qb6 6. Bc3 cxd5 7. Qh5+ g6 8.
Qxd5 Nh6 9. Ba5 Qd6 10. Qxd6 exd6 11. Nf3 Bf5 12. c3 b6 13. Bd5 bxa5 14. Bxa8
Na6 15. O-O Kd7 16. Nbd2 Nc7 17. Be4 Be6 18. a3 Be7 19. b4 axb4 20. axb4 d5 21.
Bd3 Ra8 22. Rfb1 f5 23. b5 Nf7 24. Nb3 Kd6 25. Nc5 Ng5 26. Nxg5 Bxg5 27. Na6
Ne8 28. b6 axb6 29. Rxb6+ Ke7 30. Rb7+ Kf6 31. Re1 Bd2 32. Re2 Bxc3 33. h3 Bxd4
34. Rxh7 Ng7 35. Rh4 Be5 36. Rb4 Rc8 37. Re1 Bc3 38. Rxe6+ Nxe6 39. Rb1 Nf4 40.
Bf1 Rd8 41. g3 Ne6 42. Rb6 Ke5 43. Rc6 d4 44. Bc4 Rd6 45. Rxd6 Kxd6 46. Kf1 Ng5
47. h4 Nf3 48. Ke2 Ne5 49. Bd3 Nd7 50. Kf3 Be1 51. Ke2 Bc3 52. Kf3 Nf6 53. Kf4
Bd2+ 54. Kf3 Ng4 55. Ke2 Bc3 56. Kf1 Ne5 57. Ke2 Be1 58. Bxf5 Bxf2 59. Bxg6
Bxg3 60. h5 1/2-1/2

[Event "Morbihan 2012"]
[Site "?"]
[Date "2012.03.10"]
[Round "6.16"]
[White "Audren, Jean"]
[Black "Malry, Célia"]
[Result "1-0"]
[WhiteElo "1440"]
[BlackElo "1530"]
[PlyCount "43"]
[EventDate "2012.??.??"]

1. d4 e5 2. d5 Nf6 3. c4 Bc5 4. e3 d6 5. Nf3 Bg4 6. Be2 h6 7. a3 a6 8. Nc3 Nbd7
9. Qc2 O-O 10. O-O Ba7 11. Kh1 Nb6 12. Ng1 Bxe2 13. Ngxe2 Nxc4 14. Ng3 Qd7 15.
Qe2 Nb6 16. e4 c6 17. Nf5 cxd5 18. Qf3 dxe4 19. Nxe4 Nxe4 20. Qxe4 Qe6 21. Qg4
Qc4 22. Qxg7# 1-0

[Event "Morbihan 2012"]
[Site "?"]
[Date "2012.03.10"]
[Round "6.17"]
[White "Josse, Emmanuelle"]
[Black "Gautier, Marc"]
[Result "0-1"]
[WhiteElo "1462"]
[BlackElo "1499"]
[PlyCount "152"]
[EventDate "2012.??.??"]

1. d4 d5 2. Nf3 Nf6 3. Bg5 h6 4. Bxf6 exf6 5. e3 Be7 6. c4 c6 7. Qa4 O-O 8. Be2
Qb6 9. Qc2 Be6 10. O-O dxc4 11. Nbd2 Nd7 12. Nxc4 Qc7 13. Bd3 Kh8 14. Bf5 Rad8
15. b3 b5 16. Ncd2 Qc8 17. Bxe6 fxe6 18. Qe4 Nb6 19. Nh4 Kg8 20. Ng6 Bb4 21.
Nxf8 Kxf8 22. Nf3 f5 23. Qh4 Nd7 24. Ne5 Nxe5 25. dxe5 Bc3 26. Rad1 Re8 27. f4
Qc7 28. Rd3 Ba5 29. Rfd1 Bb6 30. Kh1 c5 31. g4 Qf7 32. g5 h5 33. Qg3 g6 34. Rd7
Re7 35. Rxe7 Qxe7 36. Qf3 Qc7 37. Rd6 Qe7 38. Qc6 Qe8 39. Rxe6 Qxc6+ 40. Rxc6
c4 41. bxc4 bxc4 42. Rxc4 Bxe3 43. Kg2 Bb6 44. Kf3 Kf7 45. Rc6 Bg1 46. h3 Bb6
47. Ke2 Bg1 48. Kd3 a5 49. Rc7+ Ke6 50. Rc6+ Kf7 51. e6+ Ke7 52. Ra6 Bh2 53.
Rxa5 Bxf4 54. Kc4 Kxe6 55. Ra6+ Kf7 56. h4 Bg3 57. a4 Bxh4 58. a5 Bxg5 59. Rd6
Be3 60. a6 f4 61. Kd3 g5 62. Rd7+ Ke6 63. Rg7 Kf6 64. Rb7 Kf5 65. a7 Bxa7 66.
Rxa7 f3 67. Rf7+ Kg4 68. Ke3 h4 69. Rxf3 h3 70. Kf2 h2 71. Rg3+ Kh4 72. Kg2
h1=Q+ 73. Kxh1 Kxg3 74. Kg1 g4 75. Kh1 Kf2 76. Kh2 g3+ 0-1

[Event "Morbihan 2012"]
[Site "?"]
[Date "2012.03.10"]
[Round "6.18"]
[White "Raoul, Joël"]
[Black "Le Gal, Loïc"]
[Result "1-0"]
[WhiteElo "1150"]
[BlackElo "1660"]
[PlyCount "55"]
[EventDate "2012.??.??"]

1. d4 e5 2. dxe5 d6 3. Nf3 Nc6 4. exd6 Bxd6 5. Nc3 Bg4 6. e3 Qf6 7. e4 O-O-O 8.
Bg5 Qe6 9. Bxd8 Nxd8 10. Qd4 Nf6 11. O-O-O Bf4+ 12. Kb1 Nc6 13. Bc4 Qe7 14. Qd3
Rd8 15. Bd5 Qb4 16. a3 Qb6 17. Qc4 Ne5 18. Qe2 Ne8 19. h3 Bh5 20. g4 Bg6 21.
Nxe5 Bxe5 22. Qd3 Rxd5 23. Qxd5 Bd6 24. e5 c6 25. Qd2 Bxa3 26. Qd7+ Kb8 27.
Qxe8+ Kc7 28. Rd7# 1-0

[Event "Morbihan 2012"]
[Site "?"]
[Date "2012.03.10"]
[Round "6.19"]
[White "Andal, Thomas"]
[Black "Reymond, Stéphane"]
[Result "0-1"]
[WhiteElo "1350"]
[BlackElo "1528"]
[PlyCount "68"]
[EventDate "2012.??.??"]

1. d4 Nf6 2. c4 e5 3. dxe5 Ng4 4. Bf4 g5 5. Bg3 Bg7 6. Nf3 Nc6 7. Qd5 O-O 8.
Nc3 Re8 9. e6 dxe6 10. Qxg5 Qxg5 11. Nxg5 Nb4 12. Rc1 c5 13. Nge4 b6 14. e3 Rd8
15. Be2 f5 16. Nd6 Ne5 17. Nxc8 Ned3+ 18. Bxd3 Nxd3+ 19. Ke2 Nxc1+ 20. Rxc1
Raxc8 21. b3 Rd7 22. Bh4 Kf7 23. e4 Bxc3 24. Rxc3 fxe4 25. Re3 Rd4 26. f3 exf3+
27. Rxf3+ Ke8 28. Rf6 Rxh4 29. Rxe6+ Kf7 30. Rd6 Re8+ 31. Kd3 Rxh2 32. Rd7+ Re7
33. Rd5 Rxg2 34. Rf5+ Kg6 0-1

[Event "Morbihan 2012"]
[Site "?"]
[Date "2012.03.10"]
[Round "6.20"]
[White "Guetta, Claude"]
[Black "Ollivier, Lydie"]
[Result "0-1"]
[WhiteElo "1499"]
[BlackElo "1499"]
[PlyCount "104"]
[EventDate "2012.??.??"]

1. e4 c5 2. Nf3 d6 3. Bd3 Nf6 4. O-O e6 5. Bb5+ Bd7 6. Nc3 Be7 7. d3 O-O 8. Be3
Qa5 9. Bd2 Bxb5 10. Nxb5 Qxb5 11. Re1 Nc6 12. b3 Qb6 13. a4 Qc7 14. Bg5 Rfe8
15. Qd2 Nh5 16. Be3 Bf8 17. Qe2 g6 18. Rab1 Nf6 19. Qd2 Rad8 20. Qc3 Bg7 21.
Bg5 e5 22. Qd2 Ne7 23. Rbc1 d5 24. exd5 Nexd5 25. c4 Ne7 26. Nxe5 Nf5 27. Bf4
Nd7 28. Nxd7 Qxd7 29. Rcd1 Rxe1+ 30. Rxe1 Nd4 31. Qd1 Re8 32. Rxe8+ Qxe8 33. g3
Ne2+ 34. Kg2 Nxf4+ 35. gxf4 Bd4 36. Qd2 Qe7 37. Qa5 b6 38. Qb5 g5 39. a5 gxf4
40. axb6 Qg5+ 41. Kf1 Qh4 42. Qe8+ Kg7 43. Qe2 axb6 44. f3 Qh3+ 45. Ke1 Bg1 46.
Qe5+ f6 47. Qc7+ Kg6 48. Qxb6 Qxf3 49. Kd2 Qf2+ 50. Kc3 Qe1+ 51. Kb2 Bd4+ 52.
Ka3 Qa1# 0-1

[Event "Morbihan 2012"]
[Site "?"]
[Date "2012.03.10"]
[Round "6.21"]
[White "Lemoine, Norbert"]
[Black "Biderbost, Marc"]
[Result "1-0"]
[WhiteElo "1499"]
[BlackElo "1470"]
[PlyCount "111"]
[EventDate "2012.??.??"]

1. e4 e5 2. f4 Nc6 3. Bc4 Nf6 4. d3 g6 5. Nf3 d6 6. O-O Qe7 7. fxe5 Nxe5 8. Bb3
Be6 9. c3 Bg7 10. h3 O-O 11. Nxe5 dxe5 12. Be3 b6 13. Bc2 c5 14. Nd2 Rfd8 15.
Qe2 Nh5 16. Rf3 Bf6 17. g4 Nf4 18. Bxf4 exf4 19. Rxf4 Bg5 20. Rf3 Bxd2 21. Qxd2
Qh4 22. Qg2 h5 23. Raf1 Rd7 24. Bb3 hxg4 25. hxg4 Bxb3 26. axb3 Qg5 27. Qf2
Qxg4+ 28. Rg3 Qh4 29. Kg2 Rad8 30. Rh1 Qe7 31. Rhh3 Rxd3 32. Rxd3 Rxd3 33. Rxd3
Qxe4+ 34. Rf3 f5 35. Qe3 Qc2+ 36. Rf2 Qxb3 37. Qe8+ Kg7 38. Qe7+ Kh6 39. Kg3
f4+ 40. Kg4 Qd1+ 41. Kxf4 Qa4+ 42. Ke3 g5 43. Rh2+ Kg6 44. Qh7+ Kf6 45. Rh6+
Ke5 46. Qe7+ Kd5 47. Qxg5+ Kc4 48. Rh4+ Kb3 49. Rxa4 Kxa4 50. Kd2 Kb3 51. Qe7
a5 52. Qc7 b5 53. Qxc5 b4 54. cxb4 axb4 55. Kc1 Ka2 56. Qc4+ 1-0

[Event "Morbihan 2012"]
[Site "?"]
[Date "2012.03.31"]
[Round "7.1"]
[White "Duplessy, Franck"]
[Black "Le Garrec, Maxime"]
[Result "1-0"]
[WhiteElo "2073"]
[BlackElo "1632"]
[PlyCount "63"]
[EventDate "2012.??.??"]

1. e4 c5 2. Nf3 e6 3. d4 cxd4 4. Nxd4 a6 5. Be3 b5 6. a4 Qa5+ 7. c3 b4 8. Nb3
Qe5 9. Bd3 bxc3 10. bxc3 Nc6 11. f4 Qc7 12. a5 Rb8 13. O-O d6 14. N1d2 Be7 15.
Nc4 Rb7 16. Bb6 Qb8 17. Qf3 Bd7 18. Nd4 Qc8 19. Na3 Nb8 20. Rfc1 Nf6 21. Qe2
Bc6 22. Nc4 Nfd7 23. Rab1 d5 24. Nd2 Nc5 25. Bxc5 Bxc5 26. Bxa6 Rxb1 27. Bxc8
Rxc1+ 28. Kf2 Rxc3 29. N2f3 O-O 30. Qb2 Rxc8 31. Qxc3 Na6 32. Kg3 1-0

[Event "Morbihan 2012"]
[Site "?"]
[Date "2012.03.31"]
[Round "7.3"]
[White "Hocher, Eugène"]
[Black "Caderon, Michel"]
[Result "0-1"]
[WhiteElo "1740"]
[BlackElo "2030"]
[PlyCount "66"]
[EventDate "2012.??.??"]

1. d4 Nf6 2. Nf3 g6 3. g3 Bg7 4. Bg2 O-O 5. O-O d6 6. c4 Nbd7 7. Nc3 e5 8. d5
a5 9. e4 Nc5 10. Qc2 Bd7 11. Be3 Ne8 12. Ng5 h6 13. Nh3 Qc8 14. f4 Bxh3 15.
Bxh3 Qxh3 16. f5 Nf6 17. Bxc5 dxc5 18. Nb5 Rac8 19. d6 c6 20. Nc7 Qg4 21. Rae1
gxf5 22. exf5 Qd4+ 23. Kg2 Qxd6 24. Ne6 fxe6 25. Rd1 Qc7 26. fxe6 Rfd8 27. Qf5
Rxd1 28. Rxd1 b6 29. h4 h5 30. Kh3 Re8 31. Re1 e4 32. Rf1 Qe7 33. Qg6 Qxe6+ 0-1

[Event "Morbihan 2012"]
[Site "?"]
[Date "2012.03.31"]
[Round "7.4"]
[White "Annetti, Laurent"]
[Black "Lagès, Michel"]
[Result "1-0"]
[WhiteElo "1847"]
[BlackElo "1931"]
[PlyCount "43"]
[EventDate "2012.??.??"]

1. d4 e6 2. Nf3 d5 3. e3 c5 4. b3 Nf6 5. Bd3 Nc6 6. O-O cxd4 7. exd4 Bd6 8. Bb2
O-O 9. Nbd2 a6 10. a3 b5 11. Qe2 Ne7 12. Ne5 Ng6 13. f4 Ne7 14. Rf3 g6 15. Rh3
Nf5 16. g4 Ng7 17. Rf1 Nfe8 18. Qf2 Bxe5 19. dxe5 Rb8 20. Bd4 f6 21. Qh4 Kf7
22. Qxh7 1-0

[Event "Morbihan 2012"]
[Site "?"]
[Date "2012.03.31"]
[Round "7.5"]
[White "Bezy, Bernard"]
[Black "Landais, Romain"]
[Result "0-1"]
[WhiteElo "1530"]
[BlackElo "1905"]
[PlyCount "112"]
[EventDate "2012.??.??"]

1. c4 e6 2. Nc3 f5 3. Nf3 Nf6 4. g3 Nc6 5. Bg2 Be7 6. O-O O-O 7. d4 d6 8. Re1
Ne4 9. e3 Bf6 10. Nd2 d5 11. cxd5 exd5 12. Ndxe4 dxe4 13. Bf1 Be6 14. b3 Ne7
15. Ba3 c6 16. Rc1 Re8 17. Bxe7 Bxe7 18. Nb1 Bd6 19. Re2 f4 20. Rec2 Qg5 21.
Bg2 fxe3 22. Bxe4 exf2+ 23. Rxf2 Qe3 24. Qc2 h6 25. Rd1 Rf8 26. Qe2 Qxf2+ 27.
Qxf2 Rxf2 28. Kxf2 Rf8+ 29. Ke3 Bg4 30. Rd2 Re8 31. Rf2 Bh5 32. Kd3 Rxe4 33.
Kxe4 Bg6+ 34. Rf5 Bb4 35. a3 Be1 36. Ke5 Bxf5 37. Kxf5 Kf7 38. Ke5 Ke7 39. Kf5
Bf2 40. Ke5 Be1 41. Kf5 Kd6 42. Kg6 Kd5 43. Kxg7 h5 44. Kg6 Kxd4 45. Kxh5 Kd3
46. g4 Kc2 47. g5 Kxb1 48. g6 Bc3 49. Kh6 Kb2 50. g7 Bxg7+ 51. Kxg7 Kxb3 52. h4
c5 53. h5 c4 54. h6 c3 55. h7 c2 56. h8=Q c1=Q 0-1

[Event "Morbihan 2012"]
[Site "?"]
[Date "2012.03.31"]
[Round "7.7"]
[White "Jolivel, Dominique"]
[Black "Georget, Patrice"]
[Result "1-0"]
[WhiteElo "1900"]
[BlackElo "1713"]
[PlyCount "93"]
[EventDate "2012.??.??"]

1. d4 Nf6 2. Nf3 g6 3. c4 d6 4. Nc3 Bg7 5. e4 O-O 6. Be2 e5 7. d5 a5 8. Bg5
Nbd7 9. Bd3 Nc5 10. Bc2 Qe8 11. Qd2 Ng4 12. h3 f6 13. hxg4 fxg5 14. Qxg5 Rf4
15. Qh4 h6 16. Qg3 Rxg4 17. Qh2 Rf4 18. Nd2 Qf7 19. f3 Bd7 20. Ne2 Rf6 21. Nc3
Na6 22. a3 Nc5 23. g4 g5 24. Qe2 Rf8 25. O-O-O a4 26. Qg2 Rb8 27. Ne2 b5 28.
cxb5 Bxb5 29. Ng3 Bd3 30. Nh5 Rg6 31. Ng3 Bxc2 32. Kxc2 Nb3 33. Nxb3 Rxb3 34.
Nf5 Rf6 35. Qe2 Qe8 36. Rh2 Kh7 37. Kb1 Qb8 38. Ka1 Qb6 39. Rc1 Bf8 40. Qc4 Rf7
41. Qxa4 Rxf3 42. Rch1 Rf2 43. Rxf2 Qxf2 44. Qe8 Kg6 45. Qe6+ Rf6 46. Qg8+ Bg7
47. Qxg7# 1-0

[Event "Morbihan 2012"]
[Site "?"]
[Date "2012.03.31"]
[Round "7.8"]
[White "Maréchal, Daniel"]
[Black "Pouliquen, Alain"]
[Result "1/2-1/2"]
[WhiteElo "1470"]
[BlackElo "1720"]
[PlyCount "131"]
[EventDate "2012.??.??"]

1. d4 d5 2. Nf3 Nf6 3. e3 Bf5 4. Bd3 Bxd3 5. cxd3 e6 6. O-O c6 7. Ne5 Nbd7 8.
f4 Qb6 9. Qe2 c5 10. dxc5 Nxc5 11. d4 Nce4 12. Nc3 a6 13. Nxe4 Nxe4 14. Qc2 f6
15. Qa4+ Qb5 16. Qxb5+ axb5 17. Nd3 Rc8 18. Nf2 Nd6 19. b3 b4 20. Bd2 Nb5 21.
Nd3 Nc3 22. Bxc3 bxc3 23. Rac1 Kd7 24. Rc2 Ba3 25. Rf3 Bd6 26. Nf2 Bb4 27. Kf1
Rc6 28. Rg3 g6 29. Ng4 Ke7 30. Nf2 Ra8 31. Nd3 Bd6 32. Rf3 b6 33. Nc1 Rc7 34.
Rff2 b5 35. h3 Kd7 36. Nd3 Kc8 37. Ke1 b4 38. g4 h6 39. Rg2 Be7 40. h4 Kb7 41.
Kd1 Kb6 42. g5 hxg5 43. hxg5 fxg5 44. fxg5 Bd6 45. Rcf2 c2+ 46. Rxc2 Rxc2 47.
Kxc2 Rxa2+ 48. Nb2 Be7 49. Kb1 Ra8 50. Nd3 Rf8 51. Nf4 Rf5 52. Nxe6 Rf3 53. Re2
Rg3 54. Nf4 Rxg5 55. Rg2 Rxg2 56. Nxg2 Bg5 57. Nf4 Bxf4 58. exf4 Kc7 59. Kc2
Kd7 60. Kd2 Ke6 61. Ke2 Kf6 62. Kf2 g5 63. Kf3 Kf5 64. fxg5 Kxg5 65. Kg3 Kf5
66. Kf3 1/2-1/2

[Event "Morbihan 2012"]
[Site "?"]
[Date "2012.03.31"]
[Round "7.9"]
[White "Gautier, Marc"]
[Black "Nicolas, Stéphane"]
[Result "0-1"]
[WhiteElo "1499"]
[BlackElo "1840"]
[PlyCount "102"]
[EventDate "2012.??.??"]

1. d4 d5 2. c4 e6 3. Nc3 c5 4. e3 Nf6 5. Nf3 Nc6 6. Bd3 cxd4 7. exd4 Bb4 8. O-O
O-O 9. Bf4 dxc4 10. Bxc4 Bxc3 11. bxc3 Nd5 12. Bd2 a6 13. a4 Na5 14. Ba2 b5 15.
Qc2 Bb7 16. Bb1 g6 17. h4 Rc8 18. h5 b4 19. hxg6 hxg6 20. Ng5 bxc3 21. Nxf7 Qf6
22. Nh6+ Kg7 23. Bc1 Nb4 24. Qe2 Nb3 25. Ng4 Nxc1 26. Rxc1 Qg5 27. Qe5+ Qxe5
28. dxe5 Rf5 29. Bxf5 gxf5 30. Ne3 Nd3 31. Rcb1 Bd5 32. Nxd5 exd5 33. Rd1 Nb4
34. Rac1 Kf7 35. f4 Ke6 36. Kf2 Rc4 37. Ke3 Re4+ 38. Kf3 d4 39. Re1 Rxe1 40.
Rxe1 d3 41. Ke3 Nc2+ 42. Kxd3 Nxe1+ 43. Kxc3 Nxg2 44. Kc4 Nxf4 45. Kc5 Nd3+ 46.
Kb6 f4 47. Kxa6 f3 48. Kb6 f2 49. a5 f1=Q 50. a6 Qb1+ 51. Kc7 Nc5 0-1

[Event "Morbihan 2012"]
[Site "?"]
[Date "2012.03.31"]
[Round "7.10"]
[White "Trélohan, Henri"]
[Black "Audren, Jean"]
[Result "1-0"]
[WhiteElo "1676"]
[BlackElo "1440"]
[PlyCount "107"]
[EventDate "2012.??.??"]

1. c4 e5 2. g3 Nf6 3. Nc3 c6 4. Bg2 Be7 5. e3 d6 6. Nge2 Be6 7. b3 Nbd7 8. O-O
O-O 9. Bb2 Nh5 10. d4 exd4 11. Nxd4 Nhf6 12. Qc2 Ne5 13. Nxe6 fxe6 14. Ne2 Qd7
15. Rad1 Nf7 16. Nf4 e5 17. Nd3 Qf5 18. Ne1 Qxc2 19. Nxc2 Rad8 20. e4 Ng5 21.
f3 Nh5 22. Ne3 g6 23. Ng4 Kg7 24. Ba3 c5 25. Ne3 Nf6 26. Bb2 Rf7 27. Nd5 Nxd5
28. exd5 Kh6 29. f4 exf4 30. gxf4 Rdf8 31. fxg5+ Bxg5 32. Rxf7 Rxf7 33. Bc1
Bxc1 34. Rxc1 Rf5 35. Rf1 Re5 36. Rf2 Kg7 37. Bh3 h5 38. Be6 Kh6 39. h3 h4 40.
Kf1 Re3 41. Rf7 a5 42. Rxb7 a4 43. Rb6 axb3 44. axb3 g5 45. Rxd6 Rxb3 46. Rc6
Kg7 47. Rxc5 Kf6 48. Rb5 Rc3 49. c5 Ke5 50. c6 Kd6 51. Rb2 Rxc6 52. dxc6 Kxe6
53. c7 Kd7 54. Rc2 1-0

[Event "Morbihan 2012"]
[Site "?"]
[Date "2012.03.31"]
[Round "7.11"]
[White "Noël, Yannick"]
[Black "Le Lostec, Michaël"]
[Result "0-1"]
[WhiteElo "1199"]
[BlackElo "1650"]
[PlyCount "128"]
[EventDate "2012.??.??"]

1. e4 g6 2. e5 Bg7 3. Nf3 c5 4. d3 Nc6 5. Bf4 d6 6. Qe2 dxe5 7. Bxe5 Nxe5 8.
Nxe5 Qd4 9. Nc4 Nf6 10. c3 Qg4 11. Nd6+ Kf8 12. Qxg4 Nxg4 13. Be2 exd6 14. O-O
f5 15. Bxg4 fxg4 16. f3 gxf3 17. Rxf3+ Kg8 18. Nd2 Bf5 19. Raf1 Bh6 20. Nc4 Rd8
21. Na5 Rd7 22. h3 Bg7 23. Re1 Rf7 24. Nc4 Be5 25. Nxe5 dxe5 26. Rxe5 Kg7 27.
Rxc5 Re8 28. g4 Be6 29. Re3 Rfe7 30. Rce5 Kf8 31. Rf3+ Bf7 32. Rb5 a6 33. Rb6
Kg7 34. a3 Re1+ 35. Kf2 R1e2+ 36. Kf1 Bd5 37. Rf4 h6 38. c4 Re1+ 39. Kf2 R8e2+
40. Kg3 Rg2+ 41. Kh4 g5+ 42. Kh5 gxf4 43. cxd5 Re5+ 44. Kh4 Re7 45. Rb4 f3 46.
d6 Rd7 47. Rf4 f2 48. Rxf2 Rxf2 49. Kg3 Rxb2 50. Kf4 Rxd6 51. Ke5 Rxd3 52. Ke6
Rf2 53. Ke5 Re3+ 54. Kd4 Rxh3 55. Kc5 Rf6 56. a4 Rg3 57. Kd5 Rxg4 58. a5 Rg5+
59. Ke4 Rxa5 60. Kd4 Rf4+ 61. Kc3 Ra3+ 62. Kb2 Rh3 63. Kc2 Rf2+ 64. Kd1 Rh1#
0-1

[Event "Morbihan 2012"]
[Site "?"]
[Date "2012.03.31"]
[Round "7.12"]
[White "Sellin, Alain"]
[Black "Raoul, Joël"]
[Result "1-0"]
[WhiteElo "1620"]
[BlackElo "1150"]
[PlyCount "81"]
[EventDate "2012.??.??"]

1. e4 d5 2. exd5 Qxd5 3. Nc3 Qc6 4. Bb5 Qxb5 5. Nxb5 Nf6 6. Nxc7+ Kd7 7. Nxa8
b6 8. Nf3 Bb7 9. Nxb6+ axb6 10. O-O e6 11. d4 Bd6 12. Ne5+ Ke7 13. c4 h5 14.
Bg5 Nbd7 15. Bxf6+ gxf6 16. Nxd7 Kxd7 17. c5 bxc5 18. dxc5 Bd5 19. cxd6 Kxd6
20. b4 h4 21. h3 Rg8 22. f3 e5 23. Rc1 Ke6 24. Rc5 Rd8 25. Rxd5 Rxd5 26. Qb3
Kd6 27. Rd1 Rd4 28. Rxd4+ exd4 29. Qd3 Ke5 30. f4+ Kxf4 31. Qxd4+ Kg5 32. Qg4+
Kh6 33. Qxh4+ Kg6 34. Qg4+ Kh7 35. h4 Kh6 36. b5 Kh7 37. b6 Kh6 38. b7 Kh7 39.
b8=Q f5 40. Qbg8+ Kh6 41. Q4g5# 1-0